| 000 | 00346 a2200133 4500 | ||
|---|---|---|---|
| 005 | 20250603113607.0 | ||
| 020 | _a978818281426-4 | ||
| 100 | _aJHINGAN, M.L | ||
| 245 | _aPrinciples of Economics | ||
| 250 | _a4th Ed. | ||
| 260 |
_aDelhi _bVrinda Publications (P) LTD. _c2018 |
||
| 300 |
_axiv, 698p.: ill; greaphs, tables, _c24 cm |
||
| 942 |
_2ddc _cBKS |
||
| 999 |
_c3099 _d3099 |
||